| 000 | 00724cab a2200217 4500 | ||
|---|---|---|---|
| 001 | WB3523-41 | ||
| 008 | 090401t1999 xxu||||| |||| 00| 0 eng d | ||
| 035 | _a(Sirsi) u93920 | ||
| 041 | _aeng | ||
| 245 | _aEco-friendly farming urged. | ||
| 260 | _c1999 | ||
| 350 | _a0 | ||
| 490 |
_aScotsman _v11 June 1999, 30(1) |
||
| 520 | _aThe Soil Association and Greenpeace have jointly published The true cost of food which urges the UK to convert 30% of its agriculture to organic farming methods by 2010 to improve human health, animal welfare and the environment. | ||
| 650 | _aGREENPEACE | ||
| 650 | _aORGANIC FARMING | ||
| 650 | _aSOIL ASSOCIATION | ||
| 690 | _aRURAL PRACTICE | ||
| 942 | _n0 | ||
| 948 | _c15/06/1999 | ||
| 999 |
_c59520 _d59520 |
||